| 000 | 00583nam a22001697a 4500 | ||
|---|---|---|---|
| 003 | OSt | ||
| 005 | 20260310085740.0 | ||
| 008 | 260310b |||||||| |||| 00| 0 eng d | ||
| 037 | _bDonación | ||
| 040 |
_aCO-JMCR _bspa _cCO-JMCR _dCO-JMCR _erda |
||
| 082 | 0 | 4 |
_a349.8602 / _bC66c |
| 245 | 0 |
_aCódigo de procedimiento civil : _bcomentado / _cOscar Eduardo Henao Carrasquilla, Maria Eugenia Padilla Noguera, Alfonso Rivera Martínez. |
|
| 300 |
_a1704 págins _c25 cm. |
||
| 650 |
_2JMCR _aDerecho civil colombiano. _944564 |
||
| 650 |
_2JMCR _aProcedimiento civil _99109 |
||
| 942 |
_2ddc _cBK |
||
| 999 |
_c31161 _d17545 |
||